[Event "As CC-ch B"]
[Site "As"]
[Date "2018.04.12"]
[Round "9"]
[White "Olsen, Trygve"]
[Black "Lange, Magnus Oyvind"]
[Result "1/2-1/2"]
[WhiteElo "1461"]
[BlackElo "1341"]
[PlyCount "126"]
[EventDate "2018.01.11"]
[EventType "swiss"]
[EventRounds "9"]
[EventCountry "NOR"]
[SourceTitle "EXT 2024"]
[Source "ChessBase"]
[SourceDate "2023.10.10"]
[SourceVersion "1"]
[SourceVersionDate "2023.10.10"]
[SourceQuality "1"]

1. f4 d5 2. d4 Nc6 3. Nf3 Nf6 4. e3 Bg4 5. Be2 e6 6. 0-0 Be7 7. c3 h6 8. b4 Ne4 9. Qa4 a6 10. Qc2 Bh4 11. Nbd2 Nxd2 12. Qxd2 g5 13. Nxh4 Bxe2 14. Qxe2 gxh4 15. Qh5 Qf6 16. Bd2 0-0-0 17. Be1 Rdg8 18. Bxh4 Qg7 19. Rf2 f5 20. Rb1 a5 21. b5 Na7 22. b6 Nc6 23. bxc7 Kxc7 24. Rbb2 a4 25. Qe2 a3 26. Rb3 Qf8 27. Qb5 Qa8 28. Qe2 h5 29. Rf3 Rg4 30. Rh3 Rhg8 31. g3 Qa4 32. Qd1 Qa6 33. Qf1 Qa4 34. Qb5 Qa7 35. Kf2 Ra8 36. Bg5 Rh8 37. Rh4 Rxh4 38. Bxh4 Ra8 39. Qe2 Rh8 40. h3 Qa4 41. Bf6 Rh6 42. Bg5 Rh7 43. h4 Na5 44. Rb4 Qc6 45. Qc2 Nc4 46. Rb3 b5 47. Qd1 Qa6 48. Qd3 Kc6 49. Kg2 Qa4 50. Qb1 Nb2 51. Kf3 Nc4 52. Rb4 Qa5 53. Qc2 Rf7 54. Kf2 Qa6 55. Qe2 Rh7 56. Bf6 Qa8 57. Be5 Qa5 58. Bf6 Qa8 59. Qc2 Rb7 60. Ke2 Rf7 61. Be5 Rb7 62. Bf6 Rf7 63. Bg5 Rb7 1/2-1/2

[Event "As CC-ch B"]
[Site "As"]
[Date "2018.01.25"]
[Round "3"]
[White "Lange, Magnus Oyvind"]
[Black "Hjertvik, Even"]
[Result "1-0"]
[WhiteElo "1341"]
[BlackElo "1452"]
[PlyCount "65"]
[EventDate "2018.01.11"]
[EventType "swiss"]
[EventRounds "9"]
[EventCountry "NOR"]
[SourceTitle "EXT 2024"]
[Source "ChessBase"]
[SourceDate "2023.10.10"]
[SourceVersion "1"]
[SourceVersionDate "2023.10.10"]
[SourceQuality "1"]

1. e4 d6 2. d4 Nf6 3. Nc3 Nbd7 4. Nf3 e5 5. dxe5 dxe5 6. Bg5 Be7 7. Bc4 c6 8. Bxf6 Bxf6 9. 0-0 0-0 10. Re1 Qc7 11. Re3 b5 12. Bb3 Nc5 13. Ne2 Rd8 14. Qe1 Nxb3 15. axb3 Be6 16. Rc3 h6 17. Ra6 Rd6 18. Rc5 Rad8 19. Qc3 Bd7 20. h3 Qc8 21. Rxa7 Rd1+ 22. Kh2 Qb8 23. Qa5 Qd6 24. b4 Re8 25. Qa6 Rc8 26. Nc3 Rc1 27. Rd5 Qxb4 28. Rdxd7 Rf8 29. Qa2 Rxc2 30. Rxf7 Rxf7 31. Qxf7+ Kh7 32. Nh4 Bxh4 33. Qxg7# 1-0

[Event "As Autumn"]
[Site "As"]
[Date "2017.11.09"]
[Round "8"]
[White "Thowsen, Alf Geir"]
[Black "Lange, Magnus Oyvind"]
[Result "0-1"]
[WhiteElo "1185"]
[BlackElo "911"]
[PlyCount "48"]
[EventDate "2017.08.31"]
[EventType "swiss"]
[EventRounds "9"]
[EventCountry "NOR"]
[SourceTitle "EXT 2024"]
[Source "ChessBase"]
[SourceDate "2023.10.10"]
[SourceVersion "1"]
[SourceVersionDate "2023.10.10"]
[SourceQuality "1"]

1. Nf3 Nf6 2. d4 d5 3. c4 e6 4. Nc3 Bb4 5. a3 Bxc3+ 6. bxc3 Ne4 7. Qc2 Qf6 8. e3 Nc6 9. cxd5 exd5 10. c4 Be6 11. cxd5 Bxd5 12. Bd3 Ng5 13. e4 Nxf3+ 14. gxf3 Qxf3 15. Rg1 0-0-0 16. exd5 Nxd4 17. Qc3 Rhe8+ 18. Be3 Rxe3+ 19. fxe3 Qxe3+ 20. Kf1 Qf3+ 21. Ke1 Re8+ 22. Kd2 Qf2+ 23. Kc1 Qxg1+ 24. Kb2 Qf2+ 0-1

[Event "As Autumn"]
[Site "As"]
[Date "2016.11.03"]
[Round "7"]
[White "Lange, Magnus Oyvind"]
[Black "Samset, Jon"]
[Result "1/2-1/2"]
[WhiteElo "843"]
[BlackElo "1077"]
[PlyCount "41"]
[EventDate "2016.09.01"]
[EventType "swiss"]
[EventRounds "9"]
[EventCountry "NOR"]
[SourceTitle "EXT 2024"]
[Source "ChessBase"]
[SourceDate "2023.10.10"]
[SourceVersion "1"]
[SourceVersionDate "2023.10.10"]
[SourceQuality "1"]

1. e4 g6 2. d4 d6 3. Nf3 Bg7 4. Bf4 Nf6 5. Nc3 0-0 6. Bd3 Bg4 7. h3 Bxf3 8. Qxf3 Nc6 9. d5 Nd4 10. Qe3 Nd7 11. Bh6 Bxh6 12. Qxd4 Ne5 13. Ne2 Nxd3+ 14. Qxd3 f5 15. exf5 Rxf5 16. g4 Re5 17. Kd1 Qf8 18. Rf1 Re3 19. Qc4 Qf3 20. Re1 Re4 21. Qd3 1/2-1/2

[Event "Follo CC-ch"]
[Site "Follo"]
[Date "2015.03.19"]
[Round "7"]
[White "Lange, Magnus Oyvind"]
[Black "Aalmo, Alexander"]
[Result "0-1"]
[WhiteElo "812"]
[BlackElo "1147"]
[PlyCount "70"]
[EventDate "2015.01.15"]
[EventType "swiss"]
[EventRounds "9"]
[EventCountry "NOR"]
[SourceTitle "EXT 2017"]
[Source "ChessBase"]
[SourceDate "2016.10.25"]
[SourceVersion "1"]
[SourceVersionDate "2016.10.25"]
[SourceQuality "1"]

1. d4 d5 2. Nc3 e6 3. Nf3 Be7 4. e3 a6 5. g3 Nf6 6. Bg2 c5 7. 0-0 Nc6 8. Bd2 0-0 9. Na4 cxd4 10. exd4 Bd7 11. b3 b5 12. Nb2 Ne4 13. Ne5 Nxe5 14. dxe5 Ba3 15. Rb1 Nc5 16. b4 Bxb2 17. Rxb2 Na4 18. Rb3 Rc8 19. Be3 Qc7 20. Bc5 Nxc5 21. bxc5 Qxe5 22. Re1 Qc7 23. Rc3 Qa5 24. Qa1 b4 25. Rf3 Rxc5 26. Re2 Rfc8 27. Qb2 Qa4 28. Rb3 a5 29. a3 bxa3 30. Rxa3 Qc6 31. Ra2 Rb5 32. Qa1 Rcb8 33. Bf1 Rb1 34. Qd4 Qa6 35. Qd3 Bb5 0-1

[Event "Follo op"]
[Site "Follo"]
[Date "2014.10.23"]
[Round "6"]
[White "Lange, Magnus Oyvind"]
[Black "Lea, Per"]
[Result "0-1"]
[WhiteElo "702"]
[BlackElo "1661"]
[PlyCount "39"]
[EventDate "2014.09.04"]
[EventType "swiss"]
[EventRounds "9"]
[EventCountry "NOR"]
[SourceTitle "EXT 2017"]
[Source "ChessBase"]
[SourceDate "2016.10.25"]
[SourceVersion "1"]
[SourceVersionDate "2016.10.25"]
[SourceQuality "1"]

1. d4 Nf6 2. Nc3 d5 3. Nf3 e6 4. e3 c5 5. Bd3 c4 6. Be2 a6 7. a4 Bb4 8. Bd2 Qa5 9. 0-0 Nbd7 10. Re1 0-0 11. h3 Rb8 12. Qb1 Qc7 13. Rd1 b5 14. Ra2 Ba5 15. Qa1 b4 16. Nb1 Ne4 17. Kf1 f5 18. Nh2 Qxh2 19. Bf3 Nxd2+ 20. Rxd2 0-1

[Event "As CC-ch B"]
[Site "As"]
[Date "2014.01.16"]
[Round "1"]
[White "Lange, Magnus Oyvind"]
[Black "Olsen, Trygve"]
[Result "0-1"]
[WhiteElo "649"]
[BlackElo "1243"]
[PlyCount "96"]
[EventDate "2014.01.16"]
[EventType "swiss"]
[EventRounds "9"]
[EventCountry "NOR"]
[SourceTitle "EXT 2024"]
[Source "ChessBase"]
[SourceDate "2023.10.10"]
[SourceVersion "1"]
[SourceVersionDate "2023.10.10"]
[SourceQuality "1"]

1. e4 c5 2. Nc3 Nc6 3. Nf3 g6 4. Bc4 e6 5. d3 Bg7 6. Bg5 Nge7 7. 0-0 0-0 8. Re1 d6 9. h3 Qd7 10. Bxe7 Qxe7 11. Bb5 Nd4 12. e5 Nxf3+ 13. Qxf3 d5 14. Na4 Qc7 15. c3 a6 16. d4 axb5 17. Nxc5 b6 18. Nd3 Qe7 19. Re3 Bb7 20. Rae1 Rxa2 21. Qf4 Bc8 22. Rf3 f5 23. Qc1 h5 24. Nb4 Ra8 25. Nc6 Qd7 26. Nb4 Kh7 27. b3 Bb7 28. Qb2 Ra5 29. Ra1 Bh6 30. Rxa5 bxa5 31. Nc2 Qd8 32. Qa3 Rf7 33. Qd6 Qxd6 34. exd6 Bf8 35. b4 a4 36. Re3 Bc8 37. Na3 Bd7 38. Re5 Bxd6 39. Re1 Re7 40. Ra1 e5 41. Nc2 e4 42. f3 exf3 43. gxf3 Re2 44. Ne1 Rh2 45. Ng2 Rxh3 46. Ne3 Be6 47. Kg2 Rh2+ 48. Kf1 Rh1+ 0-1